00417 2200169 4500001002100000008004100021035002000062245002700082100001500109260002800124300002600152020002200178084001400200082000800214650001000222990001500232INLIS000000000003291 ind  a0010-1225000112 aMusik pediacJoel Levy aLevy, Joel aJakartabGramediac2021 a192 hlmc21,5 x 26 cm a978-602-4815-10-3 a700 JOE m a700 aMusik a19766/B/26